Нормален изглед
MARC изглед
- Стефанова, Райна
Вход 01. Лично име
001 - Контролен номер на записа
- Контролно поле: 368150
003 - Код на организацията, даваща контролен номер
- Контролно поле: BLK
005 - Дата и час на последна промяна на записа
- Контролно поле: 20180422101151.0
008 - Данни с фиксирана дължина – обща информация
- Данни с фиксирана дължина : 180422|| aca||aabn | a|a d
100 ## - ИМЕ НА ЛИЦЕ -ПЪРВИЧНА ИНТЕЛЕКТУАЛНА ОТГОВОРНОСТ
- Лично име: Стефанова, Райна
- Ключова дума за отношение: прев. от холанд.
- Друга информация: Бърнева, Райна Христова
942 ## - Системна служебна употреба
- Koha auth type: PERSO_NAME